Industrias químicas (Record no. 82319)

MARC details
000 -LEADER
campo de control de longitud fija 00515nam a2200157 i 4500
001 - NÚMERO DE CONTROL
campo de control 82319
003 - IDENTIFICADOR DE NÚMERO DE CONTROL
campo de control ES-MaACL
005 - FECHA Y HORA DE LA ÚLTIMA TRANSACCIÓN
campo de control 20230906174643.0
007 - CAMPO FIJO DE DESCRIPCIÓN FÍSICA--INFORMACIÓN GENERAL
campo de control de longitud fija t|
008 - DATOS DE LONGITUD FIJA--INFORMACIÓN GENERAL
campo de control de longitud fija 041108s1971 sp ||||1| spa d
245 00 - MENCIÓN DEL TÍTULO
Título Industrias químicas
Resto del título : reglamentación nacional de trabajo para las industrias químicas.
260 ## - PUBLICACIÓN, DISTRIBUCIÓN, ETC.
Lugar de publicación, distribución, etc. Madrid :
Nombre del editor, distribuidor, etc. Segura,
Fecha de publicación, distribución, etc. [1971]
300 ## - DESCRIPCIÓN FÍSICA
Extensión 249 p. ;
Dimensiones 15 cm.
650 #4 - PUNTO DE ACCESO ADICIONAL DE MATERIA--TÉRMINO DE MATERIA
Término de materia o nombre geográfico como elemento de entrada Trabajadores de la industria química-
Subdivisión general Estatuto jurídico-
Subdivisión geográfica España.
9 (RLIN) 165903
852 ## - LOCALIZACIÓN
Ubicación ES-MaACL
Número de control de estantería C-47705
Sublocalización o colección R.80896
Holdings
Estatus retirado Estado de pérdida Estado de daño No para préstamo Biblioteca de origen Biblioteca actual Ubicación en estantería Fecha de adquisición Fuente de adquisición Total de préstamos Signatura topográfica completa Código de barras Visto por última vez Precio de reemplazo Tipo de ítem Koha
        Biblioteca del Ateneo de Madrid Biblioteca del Ateneo de Madrid Depósito 2 17/01/2008     C-47705 1086031 23/02/2023 23/02/2023 Libro impreso